000 00591nam a2200193Ia 4500
005 20250326141621.0
008 250326s9999 xx 000 0 und d
020 _a0-02-946403-X
037 _aTextbook
040 _aFMSL
_beng
_cFMSL
041 _aeng
_2eng
084 _aX:8ogD658(2:55) N0
_qFMSL
100 _aSaldarini R A
_9744777
245 0 _aAnalysis and design of business information systems
_cSaldarini R A
260 _aNew York
_bNew York, Macmillan Pub. co.
_c1990
300 _axiv,657
942 _cTB
_hX:8ogD658(2:55) N0
999 _c1291166
_d1291166